<?xml version="1.0" encoding="UTF-8"?>
<record
    xmlns:xsi="http://www.w3.org/2001/XMLSchema-instance"
    xsi:schemaLocation="http://www.loc.gov/MARC21/slim http://www.loc.gov/standards/marcxml/schema/MARC21slim.xsd"
    xmlns="http://www.loc.gov/MARC21/slim">

  <leader>01594nam0a2200349   4500</leader>
  <controlfield tag="001">RU\NLR\BIBL_A\012010871</controlfield>
  <controlfield tag="005">20260406143332.0</controlfield>
  <datafield tag="010" ind1=" " ind2=" ">
    <subfield code="9">1100</subfield>
    <subfield code="d">1 &#x440;. 10 &#x43A;.</subfield>
  </datafield>
  <datafield tag="021" ind1=" " ind2=" ">
    <subfield code="a">RU</subfield>
    <subfield code="b">82-66635</subfield>
  </datafield>
  <datafield tag="035" ind1=" " ind2=" ">
    <subfield code="a">(NLR Aleph) 012010871</subfield>
  </datafield>
  <datafield tag="090" ind1=" " ind2=" ">
    <subfield code="a">11450533</subfield>
    <subfield code="c">11450533</subfield>
  </datafield>
  <datafield tag="100" ind1=" " ind2=" ">
    <subfield code="a">20041126d1982    |||y0rusy50      ca</subfield>
  </datafield>
  <datafield tag="101" ind1="0" ind2=" ">
    <subfield code="a">rus</subfield>
  </datafield>
  <datafield tag="102" ind1=" " ind2=" ">
    <subfield code="a">RU</subfield>
  </datafield>
  <datafield tag="105" ind1=" " ind2=" ">
    <subfield code="a">a   z||||||||</subfield>
  </datafield>
  <datafield tag="200" ind1="1" ind2=" ">
    <subfield code="a">&#x422;&#x435;&#x43F;&#x43B;&#x43E;&#x444;&#x438;&#x437;&#x438;&#x447;&#x435;&#x441;&#x43A;&#x438;&#x435; &#x441;&#x432;&#x43E;&#x439;&#x441;&#x442;&#x432;&#x430; &#x447;&#x435;&#x442;&#x44B;&#x440;&#x435;&#x445;&#x43E;&#x43A;&#x438;&#x441;&#x438; &#x430;&#x437;&#x43E;&#x442;&#x430;</subfield>
    <subfield code="f">[&#x412;.&#x411;. &#x41D;&#x435;&#x441;&#x442;&#x435;&#x440;&#x435;&#x43D;&#x43A;&#x43E;, &#x410;.&#x410;. &#x413;&#x432;&#x43E;&#x437;&#x434;&#x435;&#x432;, &#x412;.&#x41D;. &#x414;&#x43E;&#x440;&#x43E;&#x448;&#x43A;&#x435;&#x432;&#x438;&#x447; &#x438; &#x434;&#x440;.]</subfield>
    <subfield code="g">&#x43F;&#x43E;&#x434; &#x440;&#x435;&#x434;. &#x412;.&#x411;. &#x41D;&#x435;&#x441;&#x442;&#x435;&#x440;&#x435;&#x43D;&#x43A;&#x43E;</subfield>
    <subfield code="g">&#x410;&#x41D; &#x411;&#x421;&#x421;&#x420;, &#x418;&#x43D;-&#x442; &#x44F;&#x434;&#x435;&#x440;. &#x44D;&#x43D;&#x435;&#x440;&#x433;&#x435;&#x442;&#x438;&#x43A;&#x438;</subfield>
  </datafield>
  <datafield tag="210" ind1=" " ind2=" ">
    <subfield code="a">&#x41C;&#x438;&#x43D;&#x441;&#x43A;</subfield>
    <subfield code="c">&#x41D;&#x430;&#x443;&#x43A;&#x430; &#x438; &#x442;&#x435;&#x445;&#x43D;&#x438;&#x43A;&#x430;</subfield>
    <subfield code="d">1982</subfield>
  </datafield>
  <datafield tag="215" ind1=" " ind2=" ">
    <subfield code="a">197 &#x441;.</subfield>
    <subfield code="c">&#x438;&#x43B;.</subfield>
    <subfield code="d">20</subfield>
  </datafield>
  <datafield tag="300" ind1=" " ind2=" ">
    <subfield code="a">&#x410;&#x432;&#x442;&#x43E;&#x440;&#x44B; &#x443;&#x43A;&#x430;&#x437;&#x430;&#x43D;&#x44B; &#x43D;&#x430; 4-&#x439; &#x441;.</subfield>
  </datafield>
  <datafield tag="320" ind1=" " ind2=" ">
    <subfield code="a">&#x411;&#x438;&#x431;&#x43B;&#x438;&#x43E;&#x433;&#x440;.: &#x441;. 181-195</subfield>
  </datafield>
  <datafield tag="606" ind1="1" ind2=" ">
    <subfield code="a">&#x427;&#x435;&#x442;&#x44B;&#x440;&#x435;&#x445;&#x43E;&#x43A;&#x438;&#x441;&#x44C; &#x430;&#x437;&#x43E;&#x442;&#x430;</subfield>
    <subfield code="x">&#x422;&#x435;&#x440;&#x43C;&#x43E;&#x434;&#x438;&#x43D;&#x430;&#x43C;&#x438;&#x447;&#x435;&#x441;&#x43A;&#x438;&#x435; &#x441;&#x432;&#x43E;&#x439;&#x441;&#x442;&#x432;&#x430;</subfield>
    <subfield code="9">1920299</subfield>
    <subfield code="3">RU\NLR\AUTH\661164714</subfield>
  </datafield>
  <datafield tag="686" ind1="1" ind2=" ">
    <subfield code="a">&#x437;464.6-046-03-1</subfield>
  </datafield>
  <datafield tag="701" ind1=" " ind2="1">
    <subfield code="4">070</subfield>
    <subfield code="4">340</subfield>
    <subfield code="a">&#x41D;&#x435;&#x441;&#x442;&#x435;&#x440;&#x435;&#x43D;&#x43A;&#x43E;</subfield>
    <subfield code="b">&#x412;. &#x411;.</subfield>
    <subfield code="c">&#x434;-&#x440; &#x442;&#x435;&#x445;&#x43D;. &#x43D;&#x430;&#x443;&#x43A;</subfield>
    <subfield code="f">1934-2008</subfield>
    <subfield code="g">&#x412;&#x430;&#x441;&#x438;&#x43B;&#x438;&#x439; &#x411;&#x43E;&#x440;&#x438;&#x441;&#x43E;&#x432;&#x438;&#x447;</subfield>
    <subfield code="9">158885</subfield>
    <subfield code="3">RU\NLR\AUTH\770158926</subfield>
  </datafield>
  <datafield tag="701" ind1=" " ind2="1">
    <subfield code="a">&#x413;&#x432;&#x43E;&#x437;&#x434;&#x435;&#x432;</subfield>
    <subfield code="b">&#x410;. &#x410;.</subfield>
    <subfield code="g">&#x410;&#x440;&#x43D;&#x43E;&#x43B;&#x44C;&#x434; &#x410;&#x440;&#x43A;&#x430;&#x434;&#x44C;&#x435;&#x432;&#x438;&#x447;</subfield>
  </datafield>
  <datafield tag="701" ind1=" " ind2="1">
    <subfield code="a">&#x414;&#x43E;&#x440;&#x43E;&#x448;&#x43A;&#x435;&#x432;&#x438;&#x447;</subfield>
    <subfield code="b">&#x412;. &#x41D;.</subfield>
  </datafield>
  <datafield tag="712" ind1="0" ind2="2">
    <subfield code="4">650</subfield>
    <subfield code="a">&#x418;&#x43D;&#x441;&#x442;&#x438;&#x442;&#x443;&#x442; &#x44F;&#x434;&#x435;&#x440;&#x43D;&#x43E;&#x439; &#x44D;&#x43D;&#x435;&#x440;&#x433;&#x435;&#x442;&#x438;&#x43A;&#x438;</subfield>
    <subfield code="c">&#x41C;&#x438;&#x43D;&#x441;&#x43A;</subfield>
    <subfield code="3">RU\NLR\AUTH\889922531</subfield>
    <subfield code="9">341042</subfield>
  </datafield>
  <datafield tag="801" ind1=" " ind2="0">
    <subfield code="a">RU</subfield>
    <subfield code="b">NLR</subfield>
    <subfield code="g">psbo</subfield>
  </datafield>
  <datafield tag="801" ind1=" " ind2="1">
    <subfield code="a">RU</subfield>
    <subfield code="b">ELAR</subfield>
    <subfield code="2">rusmarc</subfield>
  </datafield>
  <datafield tag="852" ind1=" " ind2=" ">
    <subfield code="a">NLR</subfield>
    <subfield code="j">83-3/204</subfield>
  </datafield>
  <datafield tag="942" ind1=" " ind2=" ">
    <subfield code="c">BOOK</subfield>
  </datafield>
  <datafield tag="980" ind1=" " ind2=" ">
    <subfield code="a">NB</subfield>
  </datafield>
</record>
